[Event "Cracovia 2010"]
[Site "Krakow"]
[Date "2010.12.28"]
[Round "2.15"]
[White "Aliavdin, Nikolai"]
[Black "Skawinski, Arkadiusz"]
[Result "0-1"]
[WhiteElo "2377"]
[BlackElo "2249"]
[PlyCount "134"]
[EventDate "2010.??.??"]

1. e4 e6 2. d4 d5 3. Nc3 Bb4 4. e5 c5 5. a3 Bxc3+ 6. bxc3 Qa5 7. Bd2 Qa4 8. Qb1
c4 9. Nh3 Nc6 10. Nf4 Nge7 11. Nh5 Rg8 12. Be2 Bd7 13. O-O O-O-O 14. Qb2 Rdf8
15. Rfb1 b6 16. Qc1 f6 17. f4 Be8 18. Bg4 f5 19. Be2 Bxh5 20. Bxh5 g6 21. Be2
h6 22. Be3 Rf7 23. Qd2 Rfg7 24. h4 Nd8 25. Rb4 Qd7 26. a4 Nec6 27. Rb5 g5 28.
fxg5 hxg5 29. h5 g4 30. Kf2 Rh7 31. Rh1 Nf7 32. h6 Qe7 33. Rh5 Qa3 34. Bf4 Qxa4
35. Rb1 Qa3 36. g3 Rgh8 37. Rbh1 Ne7 38. Kg2 Ng8 39. Qe3 Qf8 40. Rxf5 Ngxh6 41.
Rfh5 Nf5 42. Rxh7 Nxe3+ 43. Bxe3 Rxh7 44. Rxh7 Qg8 45. Rh4 Qg6 46. Bd1 Qe4+ 47.
Kf2 Qf5+ 48. Kg2 Qe4+ 49. Kf2 a5 50. Rxg4 Qh1 51. Rg8+ Kd7 52. Be2 Qh7 53. Ra8
Qf5+ 54. Ke1 Ng5 55. g4 Qg6 56. Ra7+ Kc6 57. Re7 a4 58. Ra7 b5 59. Bc1 Kb6 60.
Re7 Ne4 61. Bf3 Nxc3 62. Ba3 Ne4 63. Kd1 Qh6 64. Bxe4 dxe4 65. Bc5+ Kc6 66. Ra7
e3 67. Ke2 Qf4 0-1

[Event "Cracovia 2010"]
[Site "Krakow"]
[Date "2010.12.28"]
[Round "2.16"]
[White "Chrzaszcz, Malvina"]
[Black "Mikrut, Dariusz"]
[Result "1/2-1/2"]
[WhiteElo "2054"]
[BlackElo "2372"]
[PlyCount "81"]
[EventDate "2010.??.??"]

1. e4 c5 2. Nf3 g6 3. d4 cxd4 4. Nxd4 Bg7 5. Nc3 Nc6 6. Nb3 Nf6 7. Be2 O-O 8.
O-O d6 9. Bg5 a6 10. a4 Be6 11. Kh1 Rc8 12. f4 Na5 13. Nxa5 Qxa5 14. Bf3 Qb4
15. Rb1 Rfe8 16. Re1 Qc5 17. e5 dxe5 18. fxe5 Red8 19. Qe2 Nd5 20. Nxd5 Bxd5
21. c3 h6 22. Be3 Qc6 23. Bd4 Bxf3 24. Qxf3 Qxf3 25. gxf3 e6 26. f4 Bf8 27.
Rbd1 Rd5 28. Kg2 Rcd8 29. Kf3 Bc5 30. Ke4 Kg7 31. Re3 Be7 32. Red3 Kf8 33. Bb6
Rxd3 34. Rxd3 Rxd3 35. Kxd3 Ke8 36. b4 Kd7 37. b5 Ba3 38. Ke4 Bb2 39. Ba5 Ba3
40. Bb6 Bb2 41. Ba5 1/2-1/2

[Event "Cracovia 2010"]
[Site "Krakow"]
[Date "2010.12.28"]
[Round "2.17"]
[White "Strzemiecki, Zbigniew"]
[Black "Toma, Katarzyna"]
[Result "1/2-1/2"]
[WhiteElo "2367"]
[BlackElo "2234"]
[PlyCount "29"]
[EventDate "2010.??.??"]

1. c4 Nf6 2. Nf3 g6 3. b3 Bg7 4. Bb2 O-O 5. g3 d6 6. d4 Ne4 7. Nbd2 f5 8. Bg2
c5 9. Nxe4 fxe4 10. Nd2 Nc6 11. Nxe4 Nxd4 12. O-O Bg4 13. Bxd4 Bxd4 14. Rc1 Qd7
15. Qc2 1/2-1/2

[Event "Cracovia 2010"]
[Site "Krakow"]
[Date "2010.12.28"]
[Round "2.18"]
[White "Soffer, Ram"]
[Black "Gorbatenko, Kateryna"]
[Result "1-0"]
[WhiteElo "2486"]
[BlackElo "2138"]
[PlyCount "65"]
[EventDate "2010.??.??"]

1. c4 c5 2. Nc3 Nc6 3. g3 g6 4. Bg2 Bg7 5. a3 e5 6. b4 cxb4 7. axb4 Nge7 8. b5
Nd4 9. Ba3 f5 10. Bd6 Kf7 11. c5 Bf6 12. e3 Ne6 13. Nge2 g5 14. d4 e4 15. b6 a6
16. g4 h5 17. gxf5 Nxf5 18. Nxe4 Nh4 19. Rg1 Nxg2+ 20. Rxg2 Rg8 21. N2g3 h4 22.
Qh5+ Rg6 23. Nf5 Qh8 24. Nxf6 Qxf6 25. Ne7 Kg7 26. Qxg6+ Qxg6 27. Nxg6 Kxg6 28.
Ra5 Nd8 29. f4 g4 30. Rxg4+ Kf5 31. Rg5+ Ke4 32. Ke2 Nc6 33. d5 1-0

[Event "Cracovia 2010"]
[Site "Krakow"]
[Date "2010.12.28"]
[Round "2.19"]
[White "Odnorozhenko, Evgenyi"]
[Black "Lewtak, Damian"]
[Result "1/2-1/2"]
[WhiteElo "2333"]
[BlackElo "2100"]
[PlyCount "106"]
[EventDate "2010.??.??"]

1. d4 d5 2. c4 c6 3. Nc3 Nf6 4. e3 e6 5. Nf3 Nbd7 6. a4 Bd6 7. Bd3 dxc4 8. Bxc4
O-O 9. O-O Qe7 10. a5 e5 11. Qc2 c5 12. Re1 e4 13. Ng5 Bxh2+ 14. Kxh2 Ng4+ 15.
Kg1 Qxg5 16. Qxe4 Ndf6 17. Qf4 Qh4 18. Qg3 Qxg3 19. fxg3 cxd4 20. exd4 Bd7 21.
Bf4 Rfe8 22. Nb5 Bxb5 23. Bxb5 Rxe1+ 24. Rxe1 Nd5 25. Bd2 Rd8 26. Re8+ Rxe8 27.
Bxe8 Kf8 28. Bb5 Ke7 29. Kf1 h6 30. Ke2 f5 31. Ba4 g5 32. Bb3 Ngf6 33. Kd3 Kd6
34. Bd1 Ke6 35. Be1 Ne4 36. Bf3 Nd6 37. Bd1 Ne4 38. Bf3 Nef6 39. Bd1 Kd6 40.
Bd2 b6 41. axb6 axb6 42. Be1 b5 43. Be2 Ne4 44. Bf3 Nef6 45. Be2 g4 46. Bd1 h5
47. Bd2 Ne4 48. Be1 Kc6 49. Bb3 Kd6 50. Ba2 Nef6 51. Bd2 Nd7 52. Bb3 N7f6 53.
Ba2 Ne4 1/2-1/2

[Event "Cracovia 2010"]
[Site "Krakow"]
[Date "2010.12.28"]
[Round "2.20"]
[White "Mertanen, Janne"]
[Black "Izzat, Kanan Azar Oglu"]
[Result "1/2-1/2"]
[WhiteElo "2318"]
[BlackElo "2112"]
[PlyCount "82"]
[EventDate "2010.??.??"]

1. d4 Nf6 2. Bg5 d5 3. e3 Nbd7 4. Nf3 g6 5. Bd3 Bg7 6. Nbd2 O-O 7. O-O c5 8. c3
Qb6 9. Qb3 Qc7 10. Bf4 Qa5 11. Be2 c4 12. Qc2 Nh5 13. Bg5 f6 14. Bh4 g5 15. Ne1
gxh4 16. Bxh5 e5 17. Bg4 e4 18. f4 f5 19. Be2 b5 20. b4 Qa6 21. a4 Nb6 22. a5
Nd7 23. Qd1 h3 24. g4 fxg4 25. Bxg4 Nf6 26. Bxc8 Qxc8 27. Nc2 Kh8 28. Kh1 Rg8
29. Rg1 h5 30. Qe2 Ng4 31. Nf1 Bf6 32. Ng3 Bh4 33. Raf1 Bxg3 34. Rxg3 h4 35.
Rxh3 Nf2+ 36. Rxf2 Qxh3 37. Qh5+ Kg7 38. Rg2+ Kf8 39. Qh6+ Ke7 40. Qh7+ Kd6 41.
Rxg8 Qf1+ 1/2-1/2

[Event "Cracovia 2010"]
[Site "Krakow"]
[Date "2010.12.28"]
[Round "2.21"]
[White "Granovskiy, Alexandr"]
[Black "Krasiewicz, Robert"]
[Result "1/2-1/2"]
[WhiteElo "2312"]
[BlackElo "2055"]
[PlyCount "104"]
[EventDate "2010.??.??"]

1. d4 f5 2. Bg5 h6 3. Bh4 g5 4. e3 Nf6 5. Bg3 d6 6. h4 Rg8 7. hxg5 hxg5 8. Be2
g4 9. Bc4 e6 10. Nd2 Nc6 11. c3 Qe7 12. Qc2 Bd7 13. O-O-O O-O-O 14. Ne2 Re8 15.
Bh4 Bh6 16. Nf4 Bg5 17. Bxg5 Rxg5 18. Nb3 Nd8 19. Rh6 e5 20. dxe5 dxe5 21. Nd5
Nxd5 22. Bxd5 f4 23. e4 Rg7 24. Rdh1 Nf7 25. Bxf7 Qxf7 26. Qe2 a6 27. Kb1 Bb5
28. Qc2 Rd8 29. Nc1 f3 30. g3 Qd7 31. Rh8 Kb8 32. a3 Ka7 33. c4 Ba4 34. Qc3
Rxh8 35. Rxh8 Bc6 36. Qe3+ Qd4 37. Qxd4+ exd4 38. Kc2 Bxe4+ 39. Kd2 c5 40. Rh5
b6 41. b3 Kb7 42. Na2 Rh7 43. Rxh7+ Bxh7 44. a4 Bb1 45. Nc1 Kc6 46. Nd3 Bxd3
47. Kxd3 b5 48. a5 bxc4+ 49. bxc4 Kd6 50. Ke4 Ke6 51. Kf4 d3 52. Ke3 Ke5
1/2-1/2

[Event "Cracovia 2010"]
[Site "Krakow"]
[Date "2010.12.28"]
[Round "2.22"]
[White "Rawicz, Karol"]
[Black "Zadlo, Tomasz"]
[Result "1-0"]
[WhiteElo "2300"]
[BlackElo "2081"]
[PlyCount "115"]
[EventDate "2010.??.??"]

1. d4 d5 2. c4 c6 3. Nc3 Nf6 4. e3 e6 5. Nf3 Nbd7 6. Qc2 Bd6 7. g4 Bb4 8. Bd2
dxc4 9. Bxc4 b5 10. Be2 Bb7 11. g5 Bxc3 12. bxc3 Nd5 13. a4 Qc7 14. axb5 cxb5
15. e4 N5b6 16. Bxb5 O-O 17. Rg1 Nc4 18. Rg3 Ndb6 19. Bc1 Nd6 20. Bf4 Rfc8 21.
Nd2 Qe7 22. Bd3 g6 23. Kf1 Nbc4 24. Nxc4 Nxc4 25. Bxc4 Rxc4 26. Qb3 Rc6 27. Qb5
a6 28. Qe5 Rac8 29. d5 Rc4 30. Be3 Qd7 31. Bd4 Rxd4 32. Qxd4 exd5 33. exd5 Bxd5
34. Kg1 Qf5 35. Re1 Be6 36. Qe5 Qc2 37. Qd6 Qb3 38. Qxa6 Qd5 39. Qd3 Qa8 40.
Rd1 Qa5 41. Qd4 Qf5 42. Qd3 Qa5 43. Qf3 Bf5 44. Qd5 Qa4 45. Qd4 Qb3 46. Re1 Be6
47. Qf6 Qd5 48. Qe5 Qd2 49. Rge3 Rc4 50. Qb8+ Kg7 51. Qe5+ Kg8 52. Qb8+ Kg7 53.
Qe5+ Kg8 54. Rb1 Rc8 55. h3 Qa2 56. Rb8 Qa1+ 57. Kh2 Qa6 58. Rxc8+ 1-0

[Event "Cracovia 2010"]
[Site "Krakow"]
[Date "2010.12.28"]
[Round "2.23"]
[White "Przezdziecka, Marta"]
[Black "Mucha, Magdalena"]
[Result "1-0"]
[WhiteElo "2249"]
[BlackElo "1846"]
[PlyCount "73"]
[EventDate "2010.??.??"]

1. d4 g6 2. c4 Bg7 3. Nc3 d6 4. e4 e5 5. Nf3 exd4 6. Nxd4 Ne7 7. Be2 Nbc6 8.
Be3 O-O 9. O-O f5 10. Nxc6 bxc6 11. Bd4 Be6 12. Bxg7 Kxg7 13. Qd4+ Kg8 14. Rad1
fxe4 15. Qxe4 Bd7 16. b4 Nf5 17. b5 c5 18. Bg4 Nd4 19. Rxd4 cxd4 20. Qd5+ Kg7
21. Qxd4+ Kg8 22. Bf3 Rxf3 23. gxf3 Qg5+ 24. Kh1 Rf8 25. Qd5+ Qxd5 26. Nxd5 Bh3
27. Rc1 Rxf3 28. Kg1 Rf7 29. Rc3 Be6 30. Ra3 Bxd5 31. cxd5 Rf5 32. Rxa7 Rxd5
33. a4 Rc5 34. Rb7 Rc1+ 35. Kg2 Ra1 36. Rxc7 Rxa4 37. b6 1-0

[Event "Cracovia 2010"]
[Site "Krakow"]
[Date "2010.12.28"]
[Round "2.24"]
[White "Wcislo, Damian"]
[Black "Vaicekauskas, Gytis"]
[Result "0-1"]
[WhiteElo "2219"]
[BlackElo "1972"]
[PlyCount "71"]
[EventDate "2010.??.??"]

1. d4 Nf6 2. c4 b6 3. Nf3 e6 4. a3 Bb7 5. Nc3 d5 6. cxd5 Nxd5 7. Qc2 Be7 8. e4
Nxc3 9. bxc3 O-O 10. Bd3 c5 11. O-O Qc8 12. Qe2 Ba6 13. Rd1 Bxd3 14. Rxd3 Qa6
15. h4 Nc6 16. Bg5 cxd4 17. cxd4 Rac8 18. Qe3 Bxg5 19. hxg5 Nb4 20. Rad1 Nxd3
21. Rxd3 Qc4 22. Rd1 Qc3 23. Qf4 Qb3 24. Re1 Rc3 25. e5 Qxa3 26. Kh2 Qb4 27.
Re4 Qb1 28. Qg4 Rc1 29. Kg3 Rh1 30. Rf4 Qd3 31. d5 Qxd5 32. Rd4 Qb7 33. Rd6 Qc7
34. Qa4 a5 35. Rc6 Qd7 36. Qc2 0-1

[Event "Cracovia 2010"]
[Site "Krakow"]
[Date "2010.12.28"]
[Round "2.25"]
[White "Jablonska, Sabina"]
[Black "Martynov, Pavel"]
[Result "0-1"]
[WhiteElo "1903"]
[BlackElo "2183"]
[PlyCount "78"]
[EventDate "2010.??.??"]

1. e4 c5 2. Nf3 e6 3. d4 cxd4 4. Nxd4 Nf6 5. Nc3 Nc6 6. Be3 Bb4 7. Nxc6 bxc6 8.
e5 Nd5 9. Bd2 Qc7 10. Nxd5 Bxd2+ 11. Qxd2 cxd5 12. f4 O-O 13. Bd3 Qb6 14. O-O-O
Rb8 15. c3 Ba6 16. Bxa6 Qxa6 17. Kb1 Rb5 18. b3 Rfb8 19. Qb2 Qc6 20. Rd4 Rc5
21. Rc1 Rc8 22. Rd3 a5 23. g3 Qa6 24. Rd4 Qc6 25. Rd3 h6 26. Qd2 Rc7 27. g4 a4
28. b4 Rc4 29. a3 Re4 30. Rd4 Qb5 31. c4 Qa6 32. Rxe4 dxe4 33. Qd4 e3 34. b5
Qc8 35. Kb2 e2 36. Kc3 Qb7 37. Kd2 Qf3 38. Rc3 Qf1 39. Rc1 Qxc1+ 0-1

[Event "Cracovia 2010"]
[Site "Krakow"]
[Date "2010.12.28"]
[Round "2.26"]
[White "Nguyen, Piotr"]
[Black "Wandzik, Wojciech"]
[Result "1-0"]
[WhiteElo "2394"]
[BlackElo "2241"]
[PlyCount "79"]
[EventDate "2010.??.??"]

1. Nf3 c5 2. c4 Nf6 3. Nc3 Nc6 4. d4 cxd4 5. Nxd4 g6 6. e4 Nxd4 7. Qxd4 d6 8.
Bg5 Bg7 9. Qd2 O-O 10. Bd3 a6 11. O-O Be6 12. Rac1 Re8 13. Rfd1 Nd7 14. Bf1 Rc8
15. b3 Qa5 16. Nd5 Qxd2 17. Rxd2 Bxd5 18. exd5 h6 19. Be3 b5 20. f4 b4 21. g3
Nc5 22. Bh3 Rc7 23. g4 a5 24. g5 hxg5 25. fxg5 Ra8 26. Rf1 a4 27. Rdf2 axb3 28.
axb3 Nxb3 29. Rxf7 Bd4 30. Be6 Bxe3+ 31. Kh1 Ra1 32. Rxa1 Nxa1 33. Rxe7+ Kf8
34. Rxc7 b3 35. Rb7 Bxg5 36. c5 dxc5 37. d6 Nc2 38. Bxb3 Nd4 39. Rb8+ Kg7 40.
Bd5 1-0

[Event "Cracovia 2010"]
[Site "Krakow"]
[Date "2010.12.28"]
[Round "2.27"]
[White "Kireev, Andrey"]
[Black "Shishkin, Vadim"]
[Result "0-1"]
[WhiteElo "2127"]
[BlackElo "2458"]
[PlyCount "95"]
[EventDate "2010.??.??"]

1. e4 c5 2. c4 Nc6 3. f4 g6 4. Nf3 Bg7 5. d3 e6 6. Nc3 d6 7. Be2 Nge7 8. O-O
O-O 9. Be3 Nd4 10. Qd2 Nec6 11. Rae1 f5 12. Bd1 a6 13. Ne2 Qb6 14. Nexd4 cxd4
15. Bf2 Bd7 16. e5 dxe5 17. Nxe5 Nxe5 18. fxe5 Bc6 19. b4 Qa7 20. Qf4 Rad8 21.
Bb3 Rfe8 22. Bh4 Rd7 23. Bf6 b6 24. Qh4 Bf8 25. a3 a5 26. b5 Ba8 27. a4 Qc7 28.
Bd1 Bb4 29. Re2 Be7 30. Bxe7 Rexe7 31. Qg5 Qc5 32. h4 Rg7 33. Kh2 Bb7 34. Rf4
Qf8 35. Rd2 Qb8 36. Re2 Qd8 37. Qf6 Qe8 38. Qg5 h6 39. Qg3 g5 40. Rf1 gxh4 41.
Qxh4 Rg4 42. Qh3 Qf8 43. Re4 Rg5 44. Ref4 Bxg2 45. Qxg2 Rxg2+ 46. Kxg2 Rg7+ 47.
Kf2 Rg5 48. Ke2 0-1

[Event "Cracovia 2010"]
[Site "Krakow"]
[Date "2010.12.28"]
[Round "2.28"]
[White "Wiewiora, Eneasz"]
[Black "Gbyl, Andrzej"]
[Result "1/2-1/2"]
[WhiteElo "2118"]
[BlackElo "2286"]
[PlyCount "158"]
[EventDate "2010.??.??"]

1. e4 e6 2. d4 d5 3. Nc3 Nf6 4. Bg5 Be7 5. e5 Nfd7 6. h4 Bxg5 7. hxg5 Qxg5 8.
Qd3 g6 9. Nh3 Qe7 10. Nf4 Nb6 11. Qe3 Nc6 12. Bb5 Bd7 13. Bxc6 Bxc6 14. b3 h5
15. g4 h4 16. Nh3 O-O-O 17. g5 Kb8 18. a3 Be8 19. f4 c5 20. Ng1 cxd4 21. Qxd4
Qc7 22. Rh3 Nc8 23. Nge2 Ne7 24. Qf2 Nf5 25. Nd4 Ng3 26. Nce2 Qc5 27. a4 Rc8
28. Qe3 Ne4 29. Kf1 Bc6 30. Kg2 Rh5 31. Rah1 Rch8 32. Ra1 Qb6 33. Rah1 Qc7 34.
Qf3 Qd8 35. Qe3 Bd7 36. Ra1 Qe8 37. Nc3 Nxc3 38. Qxc3 Qe7 39. Rah1 b6 40. Qd2
Qa3 41. Qf2 Qb2 42. Kf3 Bc8 43. Kg4 Ba6 44. Rxh4 Rxh4+ 45. Rxh4 Rxh4+ 46. Kxh4
Bd3 47. a5 Kb7 48. Kg3 Be4 49. axb6 axb6 50. Qd2 Qb1 51. Qf2 Qd1 52. Kh3 Bf5+
53. Kg2 Qg4+ 54. Kf1 Qh3+ 55. Ke1 Qh1+ 56. Kd2 Bg4 57. Qe3 Qa1 58. Qf2 Qd1+ 59.
Kc3 Qc1 60. Qd2 Qa1+ 61. Kd3 Bh3 62. Qf2 b5 63. Qd2 Bf1+ 64. Ke3 Bg2 65. b4 Be4
66. Nb3 Qg1+ 67. Qf2 Qb1 68. Nc5+ Kc6 69. Nxe4 dxe4 70. Qd2 Qg1+ 71. Kxe4 Qh1+
72. Ke3 Qg1+ 73. Kd3 Qf1+ 74. Kc3 Qa1+ 75. Kd3 Qf1+ 76. Kc3 Qa1+ 77. Kd3 Qf1+
78. Qe2 Qb1 79. Qd2 Qf1+ 1/2-1/2

[Event "Cracovia 2010"]
[Site "Krakow"]
[Date "2010.12.28"]
[Round "2.29"]
[White "Sadikhov, Ulvi Ramil Oglu"]
[Black "Malec, Sebastian"]
[Result "1-0"]
[WhiteElo "2115"]
[BlackElo "2210"]
[PlyCount "83"]
[EventDate "2010.??.??"]

1. e4 c5 2. Nf3 Nc6 3. d4 cxd4 4. Nxd4 Nf6 5. Nc3 d6 6. Bc4 e6 7. Be3 a6 8. a4
Qc7 9. Be2 Be7 10. O-O Bd7 11. Nb3 Ne5 12. Nd2 h5 13. h3 Bc6 14. f4 Ned7 15.
Bf3 Rb8 16. Qe2 Qc8 17. a5 h4 18. Rfd1 O-O 19. Ba7 Ra8 20. Bf2 Ne8 21. Nc4 Bb5
22. Nxb5 axb5 23. Nb6 Nxb6 24. Bxb6 Qc4 25. Rd4 Qxe2 26. Bxe2 Rc8 27. c3 g5 28.
fxg5 Bxg5 29. Rb4 f5 30. Bxb5 Ng7 31. Rd1 Be7 32. Bd7 Ra8 33. exf5 Rxf5 34. Rg4
Kf7 35. b4 Nh5 36. Re1 Re5 37. Rf1+ Nf6 38. Rxh4 Kg7 39. Ba4 Re2 40. Bd1 Rb2
41. Bf3 Rh8 42. Rc4 1-0

[Event "Cracovia 2010"]
[Site "Krakow"]
[Date "2010.12.28"]
[Round "2.30"]
[White "Kulon, Klaudia"]
[Black "Janus, Przemyslaw"]
[Result "1-0"]
[WhiteElo "2208"]
[BlackElo "2126"]
[PlyCount "85"]
[EventDate "2010.??.??"]

1. e4 c5 2. Nf3 d6 3. d4 cxd4 4. Nxd4 Nf6 5. Nc3 g6 6. Be3 Bg7 7. f3 Nc6 8. Qd2
O-O 9. Bc4 Nd7 10. O-O-O Nb6 11. Bb3 Na5 12. Qe2 Bd7 13. h4 h6 14. Kb1 Rc8 15.
f4 Nbc4 16. Bc1 h5 17. f5 Nxb3 18. axb3 Ne5 19. Nd5 Ng4 20. Bg5 Re8 21. Rhf1
Be5 22. Nf3 Bg7 23. Ne3 Nxe3 24. Bxe3 Qa5 25. Nd4 e6 26. f6 Bf8 27. g4 hxg4 28.
Qxg4 Qh5 29. Qxh5 gxh5 30. Rg1+ Kh7 31. Rg5 Rc5 32. Nf5 exf5 33. Bxc5 fxe4 34.
Rxh5+ Kg6 35. Rg5+ Kxf6 36. Bd4+ Ke7 37. Re1 Bc6 38. h5 Bh6 39. Rf5 Rg8 40.
Ref1 Be8 41. Rf6 Bg5 42. h6 Rh8 43. R6f5 1-0

[Event "Cracovia 2010"]
[Site "Krakow"]
[Date "2010.12.28"]
[Round "2.31"]
[White "Siwiec, Arkadiusz"]
[Black "Swiech, Przemyslaw"]
[Result "1/2-1/2"]
[WhiteElo "2105"]
[BlackElo "2207"]
[PlyCount "81"]
[EventDate "2010.??.??"]

1. e4 c5 2. Nf3 Nc6 3. d4 cxd4 4. Nxd4 Nf6 5. Nc3 e5 6. Ndb5 d6 7. Bg5 a6 8.
Na3 b5 9. Bxf6 gxf6 10. Nd5 f5 11. c3 Bg7 12. exf5 Bxf5 13. Nc2 O-O 14. Nce3
Be6 15. Bd3 f5 16. O-O Ra7 17. a4 Ne7 18. Nxe7+ Rxe7 19. axb5 axb5 20. Bxb5 d5
21. Ra6 Kh8 22. Qa4 f4 23. Nc2 Bd7 24. Nb4 f3 25. g3 d4 26. cxd4 e4 27. Nd5
Ref7 28. Ne3 Bc8 29. Rc6 Qxd4 30. Rc4 Qxb2 31. Rxe4 Bb7 32. Bc6 Bc8 33. Rh4 Bf6
34. Rf4 Bh3 35. Nc4 Qb8 36. Rxf3 Bxf1 37. Kxf1 Bd4 38. Kg2 Qc7 39. Nd2 Qa7 40.
Rxf7 Rxf7 41. f4 1/2-1/2

[Event "Cracovia 2010"]
[Site "Krakow"]
[Date "2010.12.28"]
[Round "2.32"]
[White "Lach, Aleksandra"]
[Black "Pirverdiyev, Aqil Kamran Oglu"]
[Result "1-0"]
[WhiteElo "2206"]
[BlackElo "2116"]
[PlyCount "57"]
[EventDate "2010.??.??"]

1. e4 c5 2. Nf3 e6 3. d4 cxd4 4. Nxd4 d6 5. c4 Nf6 6. Nc3 Be7 7. Be2 a6 8. O-O
Qc7 9. Be3 b6 10. f4 Bb7 11. Qc2 Nbd7 12. Rae1 h5 13. h3 h4 14. b3 Rc8 15. a4
Nh5 16. Bxh5 Rxh5 17. e5 Nf8 18. Qe2 Rh7 19. Qf2 dxe5 20. fxe5 Bc5 21. Ndb5
axb5 22. Nxb5 Qe7 23. Bxc5 Rxc5 24. Nd6+ Kd8 25. Qxf7 Rc7 26. Qxf8+ Qxf8 27.
Rxf8+ Kd7 28. Nb5 Ke7 29. Ref1 1-0

[Event "Cracovia 2010"]
[Site "Krakow"]
[Date "2010.12.28"]
[Round "2.33"]
[White "Polok, Kacper"]
[Black "Obrusnik, Michal"]
[Result "1/2-1/2"]
[WhiteElo "2089"]
[BlackElo "2204"]
[PlyCount "52"]
[EventDate "2010.??.??"]

1. e4 c5 2. Nf3 d6 3. d4 cxd4 4. Nxd4 Nf6 5. Nc3 a6 6. Bg5 e6 7. f4 Be7 8. Qf3
Qc7 9. O-O-O Nbd7 10. Bd3 b5 11. Rhe1 Bb7 12. Qg3 b4 13. Nd5 exd5 14. e5 dxe5
15. fxe5 Nh5 16. e6 Nxg3 17. exf7+ Kxf7 18. Rxe7+ Kg8 19. hxg3 Qxg3 20. Ne6 Qe5
21. Rf1 Nf8 22. Bf5 Bc8 23. Re8 Kf7 24. Re7+ Kg8 25. Re8 Kf7 26. Re7+ Kg8
1/2-1/2

[Event "Cracovia 2010"]
[Site "Krakow"]
[Date "2010.12.28"]
[Round "2.34"]
[White "Jakubiec, Edyta"]
[Black "Jacko, Vladimir"]
[Result "1/2-1/2"]
[WhiteElo "2189"]
[BlackElo "2068"]
[PlyCount "44"]
[EventDate "2010.??.??"]

1. Nf3 Nf6 2. c4 c5 3. Nc3 Nc6 4. d4 cxd4 5. Nxd4 d6 6. e4 g6 7. Be2 Bg7 8. Be3
O-O 9. O-O Bd7 10. Qd2 Qa5 11. f3 Nxd4 12. Bxd4 Nh5 13. Rfd1 Bxd4+ 14. Qxd4 Nf4
15. Bf1 Ne6 16. Qd2 Rac8 17. Rac1 Bc6 18. Kh1 Qg5 19. Qf2 Qc5 20. Qd2 Qg5 21.
Qf2 Qc5 22. Qd2 Qg5 1/2-1/2

[Event "Cracovia 2010"]
[Site "Krakow"]
[Date "2010.12.28"]
[Round "2.35"]
[White "Kumor, Lukasz"]
[Black "Gawronski, Lukasz"]
[Result "0-1"]
[WhiteElo "2178"]
[BlackElo "2043"]
[PlyCount "106"]
[EventDate "2010.??.??"]

1. e4 e6 2. d4 d5 3. Nc3 Bb4 4. e5 c5 5. a3 Bxc3+ 6. bxc3 Ne7 7. Qg4 Qc7 8. Bd2
cxd4 9. cxd4 Qxc2 10. Qxg7 Rg8 11. Qh6 Nbc6 12. Ne2 Nxd4 13. Nxd4 Qb2 14. Bb5+
Bd7 15. O-O Qxd4 16. Rab1 Bxb5 17. Rxb5 Rg6 18. Qe3 Qxe3 19. Bxe3 b6 20. Rc1
Kd7 21. Rb4 Nf5 22. Bd2 Rc8 23. Ra4 Rxc1+ 24. Bxc1 a5 25. g4 Rg7 26. h3 Ne7 27.
Bb2 Ng6 28. f4 Rg8 29. f5 Ne7 30. fxe6+ fxe6 31. Rf4 Ke8 32. Bd4 b5 33. Kf2 Rf8
34. Ke3 Rxf4 35. Kxf4 Nc6 36. Bb2 Kf7 37. h4 b4 38. axb4 axb4 39. Ba1 Kg6 40.
Kf3 h5 41. Bb2 Na5 42. gxh5+ Kxh5 43. Ke2 Nc4 44. Bd4 b3 45. Kd3 b2 46. Kc2
Kxh4 47. Kb1 Kg4 48. Ba7 Kf4 49. Bb8 Ke4 50. Kc2 d4 51. Ba7 d3+ 52. Kb1 d2 53.
Kc2 d1=Q+ 0-1

[Event "Cracovia 2010"]
[Site "Krakow"]
[Date "2010.12.28"]
[Round "2.36"]
[White "Stanach, Fabian"]
[Black "Szuper, Paul"]
[Result "1-0"]
[WhiteElo "2080"]
[BlackElo "2174"]
[PlyCount "127"]
[EventDate "2010.??.??"]

1. d4 e6 2. g3 c5 3. Bg2 cxd4 4. Qxd4 Nc6 5. Qa4 Nf6 6. Nf3 a6 7. c4 Rb8 8. Nc3
Qa5 9. Qxa5 Nxa5 10. Bf4 d6 11. c5 e5 12. Bg5 Nd7 13. cxd6 f6 14. Be3 Bxd6 15.
Nd2 b6 16. O-O Bb7 17. Nd5 O-O 18. Rfd1 Rfd8 19. Ne4 Bf8 20. b4 Nc4 21. Nec3
Nxe3 22. fxe3 Kf7 23. Rd2 Be7 24. Rad1 Nf8 25. Be4 Rd6 26. Bc2 Rc8 27. Bb3 Ke8
28. e4 b5 29. a4 Rxc3 30. Nxc3 Rxd2 31. Rxd2 Bxb4 32. Rc2 Nd7 33. axb5 axb5 34.
Bd5 Bxd5 35. exd5 Nb6 36. Nxb5 Nxd5 37. Nc7+ Nxc7 38. Rxc7 Be7 39. Kg2 Kf7 40.
e4 h5 41. Kf3 Kf8 42. Rb7 Bc5 43. h3 Kg8 44. g4 hxg4+ 45. Kxg4 Kh7 46. Kf5 Bf2
47. Rb8 Be1 48. Rb1 Bf2 49. Rh1 Kh6 50. Rf1 Be3 51. Rf3 Bf4 52. Rf2 Kh7 53. Rg2
Be3 54. Ke6 Kg8 55. Rc2 Bg5 56. Rc8+ Kh7 57. Kf7 f5 58. exf5 e4 59. Re8 e3 60.
Re6 Bf4 61. Re4 Bg5 62. Re6 Bf4 63. h4 Kh8 64. Kg6 1-0

[Event "Cracovia 2010"]
[Site "Krakow"]
[Date "2010.12.28"]
[Round "2.37"]
[White "Motyl, Tomasz"]
[Black "Mucha, Roman"]
[Result "0-1"]
[WhiteElo "2035"]
[BlackElo "2166"]
[PlyCount "94"]
[EventDate "2010.??.??"]

1. g3 e5 2. Bg2 Nc6 3. c4 g6 4. Nc3 Bg7 5. d3 Nge7 6. e3 O-O 7. Nge2 d6 8. O-O
Be6 9. Nd5 Qd7 10. Rb1 Nd8 11. Nxe7+ Qxe7 12. b3 Qd7 13. f4 c6 14. Bb2 Bg4 15.
Qc2 Ne6 16. h3 Bxe2 17. Qxe2 exf4 18. gxf4 Bxb2 19. Qxb2 Ng7 20. e4 f5 21. Rbd1
Ne6 22. e5 dxe5 23. Qxe5 Qd4+ 24. Qxd4 Nxd4 25. Kf2 Rfe8 26. Rfe1 Kf7 27. b4
Rad8 28. b5 Rxe1 29. Rxe1 Ne6 30. bxc6 bxc6 31. Bxc6 Nxf4 32. Ke3 g5 33. Rd1
Nxh3 34. d4 f4+ 35. Ke2 g4 36. d5 Ng5 37. Rd4 f3+ 38. Kf2 h5 39. d6 Ne6 40. Rd5
h4 41. c5 Kf6 42. Rh5 g3+ 43. Kf1 g2+ 44. Kg1 Nf4 45. Bxf3 Nxh5 46. c6 Ke6 47.
c7 Rc8 0-1

[Event "Cracovia 2010"]
[Site "Krakow"]
[Date "2010.12.28"]
[Round "2.38"]
[White "Lohou, Stephane"]
[Black "Macka, Oto"]
[Result "0-1"]
[WhiteElo "2165"]
[BlackElo "2025"]
[PlyCount "58"]
[EventDate "2010.??.??"]

1. e4 e5 2. f4 exf4 3. Bc4 Nf6 4. Nc3 c6 5. Bb3 d5 6. exd5 Nxd5 7. Nxd5 cxd5 8.
d4 Qh4+ 9. Kf1 Be6 10. Nf3 Qf6 11. Qe2 Be7 12. Qb5+ Nd7 13. Bxd5 Qf5 14. Bc4
Bxc4+ 15. Qxc4 O-O 16. Qd3 Qxd3+ 17. cxd3 Bd6 18. Bd2 Nf6 19. Rc1 Rac8 20. Bc3
Rfe8 21. Re1 Nd5 22. Rxe8+ Rxe8 23. Kf2 f6 24. Re1 Rxe1 25. Bxe1 Kf7 26. Nd2
Bb4 27. Ne4 Ke6 28. a3 Bxe1+ 29. Kxe1 b5 0-1

[Event "Cracovia 2010"]
[Site "Krakow"]
[Date "2010.12.28"]
[Round "2.39"]
[White "Wisniowska, Klaudia"]
[Black "Koykka, Pekka"]
[Result "0-1"]
[WhiteElo "2011"]
[BlackElo "2142"]
[PlyCount "78"]
[EventDate "2010.??.??"]

1. e4 Nf6 2. e5 Nd5 3. d4 d6 4. c4 Nb6 5. exd6 exd6 6. Nc3 Be7 7. Be3 O-O 8.
Rc1 Re8 9. Be2 Nc6 10. b3 Bf6 11. Nf3 Bg4 12. O-O d5 13. c5 Nc8 14. h3 Bxf3 15.
Bxf3 N8e7 16. g4 g6 17. Qd2 Qd7 18. Ne2 Bg7 19. Bg2 f5 20. g5 Nd8 21. Nf4 Ne6
22. Nxe6 Qxe6 23. Bf4 Nc6 24. Bxc7 Nxd4 25. Kh1 Qf7 26. Bf4 Re2 27. Qa5 Re4 28.
Bd6 f4 29. f3 Re3 30. Rcd1 Ne2 31. Kh2 d4 32. Rfe1 Qd5 33. h4 Rae8 34. Qc7 d3
35. Qd7 d2 36. Rf1 Nc3 37. Bh3 Re2+ 38. Bg2 Nxd1 39. Rxd1 Re1 0-1

[Event "Cracovia 2010"]
[Site "Krakow"]
[Date "2010.12.28"]
[Round "2.41"]
[White "Bukhteeva, Viktoria"]
[Black "Sandor, Lukas"]
[Result "1-0"]
[WhiteElo "2136"]
[BlackElo "1881"]
[PlyCount "43"]
[EventDate "2010.??.??"]

1. e4 e5 2. Nf3 Nf6 3. Nxe5 d6 4. Nf3 Nxe4 5. Nc3 Nxc3 6. dxc3 Be7 7. Bf4 Nd7
8. Qd2 O-O 9. O-O-O Nc5 10. Be3 Ne6 11. Bd3 Nc5 12. Bxc5 dxc5 13. Qe3 Bd6 14.
Ng5 g6 15. Ne4 Qe7 16. h4 Be6 17. Qh6 f5 18. Nxd6 cxd6 19. Rhe1 Qf6 20. Kb1
Rad8 21. h5 g5 22. Rxe6 1-0

[Event "Cracovia 2010"]
[Site "Krakow"]
[Date "2010.12.28"]
[Round "2.42"]
[White "Janik, Andrzej"]
[Black "Khalafova, Narmin Ilgar Qizi"]
[Result "0-1"]
[WhiteElo "1918"]
[BlackElo "2130"]
[PlyCount "79"]
[EventDate "2010.??.??"]

1. c4 g6 2. Nc3 Bg7 3. g3 d6 4. Bg2 Nf6 5. Nf3 O-O 6. O-O Nc6 7. d3 Nh5 8. e4
e5 9. Nd5 Ne7 10. Nxe7+ Qxe7 11. Bg5 f6 12. Bd2 f5 13. exf5 Bxf5 14. Bg5 Qd7
15. Nh4 Bh3 16. Qe2 c6 17. Qe3 Bxg2 18. Kxg2 d5 19. Rad1 Rae8 20. Bh6 Nf4+ 21.
Bxf4 exf4 22. Qd2 g5 23. Nf3 g4 24. Ng1 f3+ 25. Kh1 Rf5 26. cxd5 cxd5 27. Rfe1
Rh5 28. Rxe8+ Qxe8 29. h4 Qa4 30. Qc1 Qd7 31. Qf4 Be5 32. Qb4 Rh6 33. Qa5 Ra6
34. Qb4 Rxa2 35. Re1 Rxb2 36. Qc5 Bg7 37. Re7 Bf8 38. Rxd7 Bxc5 39. Rxd5 Bxf2
40. Rg5+ 0-1